00265cam a22000975i 4500041000800000082002100008100001700029245006400046260003800110300001900148 aENG a306.0899145bVEN aVenkataraman04aThe social construction of capabilities in a Tamil village  aHyderabadbOrient BlackSwanc2021 axix, 190 pages